=LDR 00000nam 2200000 4500 =001 INLIS000000000038560 =005 20200218020838 =035 ##$$a 0010-061300000038560 =008 200218################g##########0#ind## =041 ##$$a Ind =082 ##$$a 158.1 =090 ##$$a 168.1, Tri m =100 ##$$a Tri Gunadi =245 1#$$a Merekapun bisa sukses /$c Tri Gunadi =260 ##$$a Jakarta :$b Penebar Plus+,$c 2011 =300 ##$$a 163 hlm : $b ilus ; $c 20 x14 cm. =650 #4$$a Sukses =850 ##$$a NBPNMAT =020 ##$$a 978-602-8661-40-9 =084 ##$$a 158.1 Tri m =250 ##$$a Cet. 1 =504 ##$$a Bibliografi : halaman 162 - 163 ; Biografi : halaman 160 =990 ##$$a 21109591 =990 ##$$a 21109590 =990 ##$$a 21109592/pb/2011